00390 2200157 4500001002100000008004100021035002000062245004700082100000800129260003000137300000800167084001400175082000800189650001600197990001900213INLIS000000000002249 ind  a0010-0724002249 aAl-Qur'an Terjemahan Bahasa Indonesiacxxx axxx aKudusbMenara Kudusc2006 a604 a297 TIM a a297 aAGAMA ISLAM aP29/CP/24/2249